000 00687nam a2200193 i 4500
001 141238
003 ES-MaACL
005 20250713040853.0
008 070920s1910 sp |||| | spa d
100 1 _aVivero, Augusto.
_9115564
245 1 0 _aCómo cae un trono
_b: (la revolución en Portugal) /
_cpor Augusto Vivero y Antonio de la Villa ; prólogo de Rodrigo Soriano.
260 _aMadrid :
_b[s.n.],
_c1910 (
_fImp. Artística)
300 _a309 p. ;
_c20 cm.
651 4 _aPortugal-
_xHistoria-
_y1910, Revolución.
_9152848
700 1 _aVilla, Antonio de la.
_9114864
700 1 _aSoriano, Rodrigo,
_d1868-1944
_9107389
852 _aES-MaACL
_jD-622
999 _c141238
_d141238